000 00271nam a22001217a 4500
008 181012b xxu||||| |||| 00| 0 eng d
041 _aeng
080 _a316
100 _a50
101 _aSOC
245 _aCommunication and Social Order
_cDuncan, H.D
942 _2udc
_cBK
999 _c49593
_d49593